000 00807nam a22003137a 4500
999 _c3987
_d234491
020 _a9789870315445
080 _a342.732 V 567
100 _aVentura, Adriàn
245 _aLibertad de Expresiòn y Garantìas
260 _aBuenos Aires
_bLa Ley
_c2009
300 _a1056 P.
_c24 X 17 Cm.
650 _xderechos humanos
650 _xLibertad de expresion
650 _xSuecia
650 _xEstados Unidos
650 _xsecreto periodistico
650 _xcensura previa
650 _xDeclaracion Americana de deberes y derechos del hombre
650 _xLocke
650 _xVoltaire
650 _xStuart Mill
650 _xart. 43
650 _xart. 14
650 _xBobbio
650 _xFerrajoli
650 _xmedios de comunicacion
942 _6_
945 _acd
_d2015-06-03